Statistiques concernant Clubs ayant réussi à conserver la Ligue des Champions de football

Cliquez ici pour prendre le quiz!

Statistiques générales

  • Ce quiz a été pris 15 279 fois
  • Le résultat moyen est 7 sur 9

Statistiques - réponses

#AnnéesClub% Correct
32016 - 2018Real Madrid
100%
51956 - 1960Real Madrid
100%
31974 - 1976Bayern Munich
88%
21989 - 1990AC Milan
81%
21977 - 1978Liverpool
78%
31971 - 1973Ajax Amsterdam
76%
21964 - 1965Inter Milan
72%
21979 - 1980Nottingham Forest
62%
21961 - 1962Benfica Lisbonne
61%

Distribution des résultats

Percentile par nombre de réponses

% des personnes avec chaque résultat

Votre développement - résultats

Vous n’avez pas pris ce quiz